000 00499nam a22001697a 4500
005 20231110063050.0
008 231110b |||||||| |||| 00| 0 eng d
020 _a0702163018
041 _aEnglish
082 _a346.1 SIN
100 _aSinclair, JD
_lEnglish
245 _aThe Law of Marriage /
_cJD Sinclair
260 _aCape Town :
_bJuta and Company Ltd,
_c1996
300 _blxiv, 513 pages ;
_c26 cm.
650 _aLegal practice
_bLaw
942 _cBK
_6ALISON_BN_VRIES
999 _c505
_d505